| 000 | 01336nam a22003017a 4500 | ||
|---|---|---|---|
| 003 | EG-ScBUE | ||
| 005 | 20221117052843.0 | ||
| 008 | 210915s1993 ua f b 000 0 ara d | ||
| 040 |
_aEG-ScBUE _bara _erda _cEG-ScBUE _dEG-ScBUE |
||
| 043 |
_aac----- _ae-urk-- |
||
| 082 | 0 | 4 |
_a297.0958 _bك س ب _222 |
| 100 | 1 |
_aكسبه، مصطفى دسوقي، _eمؤلف. |
|
| 245 | 1 | 2 |
_aالمسلمون في آسيا الوسطى والقوقاز / _cإعداد مصطفى دسوقي كسبه، رئيس قسم الاستشارات بمركز الاقتصاد الإسلامي، جامعة الأزهر ؛ رئيس التحرير د. علي أحمد الخطيب. |
| 264 | 1 |
_aالقاهرة : _bمجلة الأزهر، _c[1993] |
|
| 300 |
_a3 مجلدات ؛ _c18 سم |
||
| 336 |
_2rdacontent _aنص _btxt |
||
| 337 |
_2rdamedia _aبدون وسيط _bn |
||
| 338 |
_2rdacarrier _aمجلد _bnc |
||
| 504 | _aيشتمل على إرجاعات ببليوجرافية. | ||
| 505 | 2 | _aالمجلد الأول -- المجلد الثالث. | |
| 541 |
_cإهداء ؛ _aد. ياسر. |
||
| 650 | 7 |
_aالإسلام _zآسيا الوسطى. _2BUEsh |
|
| 650 | 7 |
_aالإسلام _zالقوقاز _2BUEsh |
|
| 653 |
_bGGEN _cSeptember2021 |
||
| 655 | _vReading book | ||
| 700 | 1 |
_aالخطيب، علي أحمد، _eمحرر. |
|
| 942 | _2ddc | ||
| 999 |
_c29419 _d29390 |
||